Ehemalige Großstädte (+100k) in Deutschland - Statistiken

Allgemein
  • Dieses Quiz wurde 328 mal gespielt
  • Das Durchschnittsergebnis liegt bei 8 aus 11
Antworten auf der Karte
Die Antworten werden auf der Karte rot bzw. grün angezeigt, abhängig davon wie oft sie richtig erraten wurden.
 
Antwortstatistiken
unter 100k seit Name % Korrekt
1952 Flensburg
95%
2001 Schwerin
91%
2018 Cottbus
89%
2019 Kaiserslautern
82%
2009 Gera
81%
1979 Wilhelmshaven
81%
1951 Görlitz
80%
2003 Zwickau
78%
1990 Dessau-Roßlau
68%
1945 Plauen
61%
2007 Witten
36%
Keine übereinstimmenden Quizze gefunden
Verteilung der Resultate
Anzahl Personen mit jedem Resultat
Perzentil nach korrekt beantworteten Fragen
Ihre Resultats-Entwicklung
Sie haben dieses Quiz noch nicht gespielt